Guess The American Brands! #22 - Statistics

General Stats
  • This quiz has been taken 16 times
  • The average score is 12 of 24
Answer Stats
Picture Answer % Correct
Family Guy
87%
Memorex
87%
Ocean Spray
80%
WD-40
73%
Aflac
67%
Hornets
67%
Petsmart
67%
Red Sox
67%
Denny's
60%
IHOP
60%
Lowes
60%
Red Lobster
60%
Burn
47%
Toys For Tots
47%
Nabisco
40%
Pennzoil
40%
Tivo
33%
Columbia University
27%
Drano
27%
MAC
27%
Sandisk
27%
United Way
27%
Matlab
20%
Remax
20%
No matching quizzes found
Score Distribution
Percent of People with Each Score
Percentile by Number Answered
Your Score History
You have not taken this quiz